Australian Cricketer by Picture - Statistics

General Stats
  • This quiz has been taken 200 times
  • The average score is 12 of 16
Answer Stats
Picture Answer % Correct
Steve Smith
98%
Shane Warne
96%
David Warner
93%
Pat Cummins
91%
Ricky Ponting
89%
Mitchell Starc
86%
Sir Donald Bradman
86%
Glenn Maxwell
82%
Michael Clarke
81%
Josh Hazlewood
70%
Adam Gilchrist
67%
Marnus Labuschagne
63%
Matthew Wade
55%
Matthew Hayden
50%
Richie Benaud
42%
Dennis Lillee
23%
No matching quizzes found
Score Distribution
Percent of People with Each Score
Percentile by Number Answered
Your Score History
You have not taken this quiz